النشرة السنوية لإحصاء الخدمات الصحية عام 2018/

يمثل قطاع الصحة أحد عناصر قطاع الخدمات العامة التى تساهم فى توزيع الخدمة الصحية، تقليل التفاوت بين المناطق الحضرية والريفية والتوازن فى الانفاق على الخدمات الصحية العلاجية والوقائية والعلاج على نفقة الدولة وتحسين مستوى الثقافة الصحية للمواطنين....

全面介绍

Saved in:
书目详细资料
主要作者: الجهاز المركزي للتعبئة و الإحصاء
企业作者: مصر. الجهاز المركزي للتعبئة العامة و الإحصاء
格式: 序列
语言:阿拉伯语
出版: القاهرة : الجهاز المركزي للتعبئة العامة و الإحصاء. 2018
主题:
标签: 添加标签
没有标签, 成为第一个标记此记录!

MARC

LEADER 00000nas a2200000 a 4500
003 INP
005 20201013134952.0
008 150323cuuuuuuuuua ar s o0 f0ara d
952 |0 0  |1 0  |4 0  |6 614_880000000000000_ن_ش  |7 0  |8 نشرات التع  |9 20413  |a INP  |b INP  |c MAIN  |d 2020-08-26  |l 0  |o 614.88 ن ش  |p 021459  |r 2022-03-28 00:00:00  |w 2020-08-26  |y PUB  |0 0  |0 0  |0 0 
952 |0 0  |1 0  |4 0  |6 614_880000000000000_ن_ش  |7 0  |8 نشرات التع  |9 20414  |a INP  |b INP  |c JOUR  |d 2020-08-26  |l 0  |o 614.88 ن ش  |p 021460  |r 2022-03-28 00:00:00  |w 2020-08-26  |y PUB  |0 0  |0 0 
999 |c 16534  |d 16534 
040 |a EG-INP  |c EG-INP  |b ara 
082 0 4 |a 614.88   |b ن ش  |2 21 
100 |a الجهاز المركزي للتعبئة و الإحصاء. 
245 0 2 |a النشرة السنوية لإحصاء الخدمات الصحية عام 2018/  |c الجهاز المركزي للتعبئة العامة و الإحصاء. 
260 |a القاهرة :  |b الجهاز المركزي للتعبئة العامة و الإحصاء.  |c 2018 
300 |a مج. :  |b ايض. ؛  |c 29 سم 
310 |a سنوى. 
500 |a مرجع رقم 71-12422-2018. 
500 |a إصدار نوفمبر 2019. 
500 |a يبنى الوصف على عام 2018. 
520 |a يمثل قطاع الصحة أحد عناصر قطاع الخدمات العامة التى تساهم فى توزيع الخدمة الصحية، تقليل التفاوت بين المناطق الحضرية والريفية والتوازن فى الانفاق على الخدمات الصحية العلاجية والوقائية والعلاج على نفقة الدولة وتحسين مستوى الثقافة الصحية للمواطنين. 
650 7 |a الرعاية الصحية  |v احصائيات  |2 qrmak 
650 7 |a الخدمات الصحية.  |2 qrmak 
650 7 |a العيادات الطبية.  |2 qrmak 
650 7 |a المستشفيات.  |2 qrmak 
650 7 |a المراكز الطبية.  |2 qrmak 
650 7 |a المرضي.  |2 qrmak 
710 1 |a مصر.  |b الجهاز المركزي للتعبئة العامة و الإحصاء. 
901 |a EGPV2 
902 |a egpv34 
903 |a original 
942 |c PUB  |2 ddc